Bolivia y el mar 1810-1964

Saved in:
Bibliografiske detaljer
Hovedforfatter: Espinosa Moraga, Oscar (Author)
Format: Bog
Sprog:spansk
Udgivet: Santiago Nascimento 1965
Fag:
Tags: Tilføj Tag
Ingen Tags, Vær først til at tagge denne postø!

MARC

LEADER 00000nam a2200000 a 4500
001 UCO3200
003 CL-VaPUC
008 000714e19650000CL |||||||||||||||||spa|d
082 0 4 |a 341.42  |b ESP  |2 21 
100 0 |a Espinosa Moraga, Oscar  |e author  |9 447136 
245 1 0 |a Bolivia y el mar 1810-1964 
300 |a 551 p 
942 |c BK 
945 |d 20000714 00:00:00  |a rherrera 
260 |a Santiago  |b Nascimento  |c 1965 
650 0 |a Problemas limítrofes  |9 266724 
650 0 |a Tratados internacionales   |9 256056 
650 7 |a MEDITERRANEIDAD  |2 CL-VaPUC  |9 447137 
650 0 |a Guerra del Pacífico  |9 314886 
650 0 |a Diplomacia  |9 256483 
651 7 |a CHILE  |2 CL-VaPUC  |9 447138 
651 7 |a RIO LAUCA  |2 CL-VaPUC  |9 436292 
651 0 |a Bolivia  |9 255454 
651 7 |a PACIFICO  |2 CL-VaPUC  |9 441607 
583 |a last modification  |c 20000714 00:00:00  |k Rodrigo Vera 
999 |c 289670  |d 289668 
952 |0 0  |1 0  |4 0  |6 341_420000000000000_ESP_1965  |7 0  |8 A  |9 338251  |a BIBHIS  |b BIBHIS  |d 2019-11-20  |i 1298348  |o 341.42 ESP 1965  |p 1298348  |r 2025-01-20  |w 2019-11-20  |y BK  |k HIS